| Virtuální polytechnická knihovna - Souborný katalog - Úplný záznam dokumentu - MARC |
Uživatel: --- |
-----nas 22-----zu 4500
001 SKVPK0031871
003 CZ-VPK
005 20260422135930.0
008 260422d19411969||||| | ||| || |||||||
040 $aABA013$bcze
222 0$aOerlikon Mitteilungen
245 00$aOerlikon Mitteilungen
260 $aŠvýcarsko :$bZürich : Maschinenfabrik Oerlikon,$c1941-1969
650 07$aobecnosti$xob$2psh
910 $aABA013$r1956-1969
| čtvrtek 14.05.2026 00:03:43 |
© 2001-2015 Národní technická knihovna |
[Virtuální polytechnická knihovna]
[Servisní centrum]
[Souborný katalog]